Statystyki dla Piłkarze z Premier League w tegorocznym PNA

Kliknij tutaj aby rozwiązać quiz!

Ogólne statystyki

  • Ten quiz został rozwiązany 22 razy
  • Średni wynik to 12 z 30

Statystyki odpowiedzi

PIŁKARZREPREZENTACJAKLUB% Poprawnych
Mohamed SalahEgiptLiverpool
100%
Andre OnanaKamerunManchester United
84%
Mohamed ElnenyEgiptArsenal
68%
Nicolas JacksonSenegalChelsea
63%
Sofyan AmrabatMarokoManchester United
63%
Bertrand TraoréBurkina FasoAston Villa
58%
Mohammed KudusGhanaWest Ham United
53%
Nayef AguerdMarokoWest Ham United
53%
Pape Matar SarrSenegalTottenham
53%
Yves BissoumaMaliTottenham
53%
Jordan AyewGhanaCrystal Palace
47%
Idrissa GueyeSenegalEverton
42%
Rayan Aït-NouriAlgieriaWolverhampton
42%
Willy BolyWKSNottingham Forest
42%
Yoane WissaDRKBrentford
42%
Alex IwobiNigeriaFulham
37%
Cheikhou KouyatéSenegalNottingham Forest
37%
Simon AdingraWKSBrighton
37%
Calvin BasseyNigeriaFulham
32%
Frank OnyekaNigeriaBrentford
32%
Ibrahim SangaréWKSNottingham Forest
32%
Serge AurierWKSNottingham Forest
26%
Antoine SemenyoGhanaBournemouth
21%
Dango OuattaraBurkina FasoBournemouth
21%
Moussa NiakhatéSenegalNottingham Forest
21%
Ola AinaNigeriaNotttingham Forest
21%
Fodé Ballo-TouréSenegalFulham
16%
Yasser LarouciAlgieriaSheffield United
16%
Anis SlimaneTunezjaSheffield United
11%
Issa KaboréBurkina FasoBurkina Faso
11%

Rozkład punktacji

Percentyl według liczby udzielonych odpowiedzi

Procent ludzi z każdym wynikiem

Twoja historia wyników

Nie rozwiązałeś tego quizu